| 000 | 01698nam a22002897a 4500 | ||
|---|---|---|---|
| 005 | 20170930020002.0 | ||
| 008 | 150115s2014 ck il. r0 000 0 spa d | ||
| 020 | _a9789588575636 | ||
| 040 |
_aCO-BoPUJ _cCO-BoIAVH _dCO-BoIAVH |
||
| 041 | 0 | _aspa | |
| 044 | _ack | ||
| 082 | 0 | 4 |
_a333.95 _bB44b |
| 245 | 0 | 0 |
_aBiodiversidad 2014 : _bestado y tendencias de la biodiversidad continental de Colombia. _cEditado por Bello, Juan Carlos ... [et al.] |
| 260 |
_aBogotá : _bInstituto de Investigación de Recursos Biológicos Alexander von Humboldt, _c2014. |
||
| 300 |
_a104 p. _c32 cm. _bil. (col), mapas, tablas |
||
| 500 | _aContiene 9 mapas en transparencia cod CID-038474. Solicitar en biblioteca. | ||
| 504 | _aIncluye referencias bibliográficas (p. 91-96). | ||
| 520 | _aEn los últimos veinte años la población colombiana se incrementó en una tercera parte, mientras nuestra sociedad crece, se concentra en las ciudades y se globaliza, ocurren grandes transformaciones de los territorios, tantas que ya es casi imposible imaginar cómo era esa Colombia de hace cien o doscienctos años... Cada vez se hace mas necesario contar con un panorama amplio de la biodiversidad continental colombiana, haciendo énfasis en los procesos de transformación, en sus causas, consecuencias y oportunidades para el bienestar humano. | ||
| 650 | 1 | 4 |
_aMedio ambiente _zColombia _931533 |
| 650 | 2 | 4 |
_aDiversidad biológica _zColombia _931534 |
| 650 | 2 | 4 |
_aBiodiversidad. _vinvestigación. _yColombia _931535 |
| 700 | 1 |
_aBello, Juan Carlos _ecood. _93704 |
|
| 700 | 1 |
_aBáez, Mayra _eed. _931531 |
|
| 700 | 1 |
_aNagele, Laura _eed. _931532 |
|
| 700 | 1 |
_94656 _aOrrego Santa, Oscar _eed. |
|
| 942 |
_2ddc _cLIBRO _017 |
||
| 999 |
_c8975 _d8975 |
||